| 000 | 00593nam a2200193Ia 4500 | ||
|---|---|---|---|
| 003 | GCL | ||
| 005 | 20240530102241.0 | ||
| 008 | 140319s9999 xx 000 0 ara d | ||
| 040 |
_aGCL / _cGCL |
||
| 082 | 0 | 4 |
_a415.2 _bص ف |
| 100 | 1 | _aصابر بكر ابوالسعود | |
| 245 | 1 | 0 |
_aفى نقد النحو العربى / _cصابر بكر ابوالسعود |
| 260 |
_a[القاهرة ] : _bدار الثقافة للنشر والتوزيع ، _c1988 |
||
| 300 | _a141 ص | ||
| 650 | 0 | 4 | _aتاريخ |
| 650 | 0 | 4 | _aالنحو |
| 650 | 0 | 4 | _aاللغة العربية |
| 942 |
_2ddc _cBK |
||
| 999 |
_c30902 _d30902 |
||